Platby v Evropské unii
Európska dohoda, čiže dohoda o pridružení medzi Českou republikou a Európskou úniou. Bežné platby medzi ČR a EÚ. Rok 1990 - Komisia ES prijala Doporučenie o transparentnosti bankových podmienok vzťahujúcich sa na medzištátne finančné transakcie 90/109/EHS. Konkrétna realizácia doporučení. Nové techn...
Gespeichert in:
| 1. Verfasser: | |
|---|---|
| Format: | Buchkapitel |
| Sprache: | Tschechisch |
| Schlagworte: | |
| Tags: |
Keine Tags, Fügen Sie das erste Tag hinzu!
|
MARC
| LEADER | 00000naa a2200000 4500 | ||
|---|---|---|---|
| 001 | r016838 | ||
| 005 | 20221208130758.4 | ||
| 041 | 0 | |a cze | |
| 044 | |a CZ | ||
| 245 | 1 | 0 | |a Platby v Evropské unii |c M. Tomášek |
| 520 | |a Európska dohoda, čiže dohoda o pridružení medzi Českou republikou a Európskou úniou. Bežné platby medzi ČR a EÚ. Rok 1990 - Komisia ES prijala Doporučenie o transparentnosti bankových podmienok vzťahujúcich sa na medzištátne finančné transakcie 90/109/EHS. Konkrétna realizácia doporučení. Nové technické prostriedky používané pri vnútroštátnych a medzištátnych platbách. Elektronické peňaženky. Budúci vývoj medzištátnych finančných transakcií. | ||
| 610 | 2 | 0 | |a styk platobný medzinárodný |
| 610 | 2 | 0 | |a politika menová |
| 610 | 2 | 0 | |a banky |
| 610 | 2 | 0 | |a pohyb kapitálu |
| 610 | 2 | 0 | |a Česko |
| 610 | 2 | 0 | |a Európska únia |
| 100 | 1 | |a Tomášek, M. | |